Bohoslovsʹkyĭ visnyk /

Bibliographic Details
Corporate Author: Ukraïnsʹka avtokefalʹna pravoslavna t︠s︡erkva
Format: Journal
Language:Ukrainian
Published: Augsburg : Sv. Synod UAPT︠S︡, 1948-
Subjects:

MARC

Tag First Indicator Second Indicator Subfields
LEADER 00000cas a2200000 a 4500
001 in00001497821
005 20151021085433.0
008 800428u1948uuuugw mx p 0 c0ukr d
010 |a sn 85020984  
035 |a (OCoLC)06255890 
035 |9 AJJ8969AM 
040 |a UIU  |c UIU  |d IUL  |d TXA  |d UtOrBLW 
042 |a lcd 
043 |a e-gw--- 
049 |a TXAE 
090 |a BX738.U3  |b B6 
092 |a 281.947705  |b BO 
245 0 0 |a Bohoslovsʹkyĭ visnyk /  |c Ukraïnsʹka avtokefalʹna pravoslavna t︠s︡erkva. 
264 1 |a Augsburg :  |b Sv. Synod UAPT︠S︡,  |c 1948- 
300 |a volumes :  |b illustrations ;  |c 21 cm. 
310 |a Monthly 
336 |a text  |b txt  |2 rdacontent 
337 |a unmediated  |b n  |2 rdamedia 
338 |a volume  |b nc  |2 rdacarrier 
362 0 |a R. 1, chis. 1- 
500 |a Description based on: r. 1, chis. 2 (1948). 
610 2 0 |a Ukraïnsʹka avtokefalʹna pravoslavna t︠s︡erkva  |x Periodicals. 
710 2 |a Ukraïnsʹka avtokefalʹna pravoslavna t︠s︡erkva. 
948 |a c:bs 
999 |a MARS 
999 f f |s 85819862-7833-3662-9458-9f43a09fcd51  |i b4d61f3f-6165-361c-b409-f8d0df03209b  |t 0 
952 f f |p ric  |a Texas A&M University  |b Rellis Campus  |c Joint Library Facility  |d Remote Storage  |t 0  |e BX738.U3 B6  |h Library of Congress classification  |i unmediated -- volume  |k R.1:2  |l 1948  |m A14825388412 
998 f f |a BX738.U3 B6  |s R.1:2 (1948)  |t 0  |l Remote Storage